00408nam a2200133Ia 4500100002400000942000700024654001600031245008500047260002000132300000800152546001200160999001700172952008500189 aKress/Rogers Erika  cBK aELECTRONICS aHandbook of Biosensors and Electronic Noses : Medicine ford & the envionmnet bCRCaNONEc1997 a695 aENGLISH c21692d21692 001040708CRCaCRCEbCRCEd2023-03-17l0o p10336r2023-03-17w2023-03-17yBK